Leyendas de la Alsacia Spitzi / (Record no. 190308)

MARC details
000 -LEADER
campo de control de longitud fija 00464nam a2200157 i 4500
001 - NÚMERO DE CONTROL
campo de control 190308
003 - IDENTIFICADOR DE NÚMERO DE CONTROL
campo de control ES-MaACL
005 - FECHA Y HORA DE LA ÚLTIMA TRANSACCIÓN
campo de control 20230906223709.0
008 - DATOS DE LONGITUD FIJA--INFORMACIÓN GENERAL
campo de control de longitud fija 201104s1877 sp |||| | spa d
100 1# - ENTRADA PRINCIPAL--NOMBRE DE PERSONA
Nombre de persona Spoerlin, Margarita.
9 (RLIN) 170858
245 10 - MENCIÓN DEL TÍTULO
Título Leyendas de la Alsacia Spitzi /
Mención de responsabilidad, etc. Margarita Spoerlin.
260 ## - PUBLICACIÓN, DISTRIBUCIÓN, ETC.
Lugar de publicación, distribución, etc. Madrid :
Nombre del editor, distribuidor, etc. Librería Nacional y Extranjera,
Fecha de publicación, distribución, etc. 1877.
300 ## - DESCRIPCIÓN FÍSICA
Extensión 37 p.
650 #4 - PUNTO DE ACCESO ADICIONAL DE MATERIA--TÉRMINO DE MATERIA
Término de materia o nombre geográfico como elemento de entrada Leyendas-
Subdivisión geográfica Alsacia.
9 (RLIN) 170859
852 ## - LOCALIZACIÓN
Ubicación ES-MaACL
Número de control de estantería T-407-F-6
Holdings
Estatus retirado Estado de pérdida Estado de daño No para préstamo Colección Biblioteca de origen Biblioteca actual Ubicación en estantería Fecha de adquisición Fuente de adquisición Total de préstamos Signatura topográfica completa Código de barras Visto por última vez Precio de reemplazo Tipo de ítem Koha
        Colección de folletos Biblioteca del Ateneo de Madrid Biblioteca del Ateneo de Madrid Depósito folletos 14/06/2005     T-407-F-6 1202415 23/02/2023 23/02/2023 Folleto